RZECZY, KTÓRE POWINNIŚMY MIEĆ W PLECAKU PODCZAS WYCIECZKI W GÓRY - Statystyki

Ogólne statystyki
  • Ten quiz został rozwiązany 132 razy
  • Średni wynik to 3 z 5
Statystyki odpowiedzi
Odpowiedź % Poprawnych
JEDZENIE
89%
WODA
86%
LATARKA
42%
MAPA
42%
APTECZKA
31%
Nie znaleziono quizów pasujących do podanych kryteriów
Rozkład punktacji
Procent ludzi z każdym wynikiem
Percentyl według liczby udzielonych odpowiedzi
Twoja historia wyników
Nie rozwiązałeś tego quizu